[Event "Gorges op 27th"]
[Site "Gorges"]
[Date "2017.07.09"]
[Round "5"]
[White "Delafenetre, Alexandre"]
[Black "Le Pen, Steven"]
[Result "0-1"]
[WhiteElo "1666"]
[BlackElo "2063"]
[PlyCount "103"]
[EventDate "2017.07.08"]
[EventType "swiss"]
[EventRounds "5"]
[EventCountry "FRA"]
[SourceTitle "EXT 2019"]
[Source "ChessBase"]
[SourceDate "2018.10.10"]
[SourceVersion "1"]
[SourceVersionDate "2018.10.10"]
[SourceQuality "1"]

1. d4 Nf6 2. c4 c5 3. d5 d6 4. Nc3 g6 5. e4 Bg7 6. Bd3 0-0 7. Nge2 e5 8. 0-0 Ne8 9. f4 f5 10. Qc2 Na6 11. a3 exf4 12. Bxf4 g5 13. Bd2 f4 14. e5 dxe5 15. Bxh7+ Kh8 16. Rad1 Nd6 17. Ne4 Nf5 18. Bxf5 Bxf5 19. N2c3 Qb6 20. Qa4 Qg6 21. Rde1 Rac8 22. Qb5 Rf7 23. d6 Bf8 24. Nxg5 Qxg5 25. Rxe5 Bxd6 26. Ne4 Qg6 27. Nxd6 Qxd6 28. Bc3 Kg8 29. Rxf4 Rcf8 30. b4 Nc7 31. Qxc5 Qxc5+ 32. bxc5 Bg6 33. Rxf7 Rxf7 34. Rg5 Kh7 35. h4 Ne6 36. Re5 Bf5 37. Kh2 Kg6 38. a4 Nf4 39. Re8 Bd7 40. Rg8+ Kh5 41. g3 Ne2 42. Rh8+ Kg4 43. Rg8+ Kh5 44. Rh8+ Kg6 45. Rg8+ Kf5 46. Rg5+ Ke4 47. Re5+ Kd3 48. Be1 Bg4 49. Rg5 Be6 50. h5 Bxc4 51. h6 Nd4 52. g4 0-1

[Event "Gorges op 27th"]
[Site "Gorges"]
[Date "2017.07.08"]
[Round "3"]
[White "Delafenetre, Alexandre"]
[Black "Murie, Eric"]
[Result "1-0"]
[WhiteElo "1666"]
[BlackElo "2000"]
[PlyCount "57"]
[EventDate "2017.07.08"]
[EventType "swiss"]
[EventRounds "5"]
[EventCountry "FRA"]
[SourceTitle "EXT 2019"]
[Source "ChessBase"]
[SourceDate "2018.10.10"]
[SourceVersion "1"]
[SourceVersionDate "2018.10.10"]
[SourceQuality "1"]

1. d4 Nf6 2. c4 e6 3. Nf3 Bb4+ 4. Nbd2 0-0 5. e3 d6 6. Bd3 c5 7. 0-0 Nc6 8. Qc2 e5 9. dxe5 dxe5 10. Ne4 Ba5 11. a3 Nxe4 12. Bxe4 Qf6 13. Bxh7+ Kh8 14. Be4 g6 15. Bxc6 bxc6 16. b3 Bc7 17. Bb2 Bg4 18. Qe4 Bf5 19. Bxe5 Bxe4 20. Bxf6+ Kg8 21. Be7 Rfe8 22. Bxc5 Kg7 23. Nd4 Rh8 24. h3 Rh5 25. Bb4 Rb8 26. f3 Bf5 27. Nxf5+ gxf5 28. Rad1 Rg5 29. Bc3+ 1-0

[Event "Basses Vallees Angevines op 4th"]
[Site "Cantenay Epinard"]
[Date "2015.12.19"]
[Round "3"]
[White "Bobard, Antonin"]
[Black "Delafenetre, Alexandre"]
[Result "0-1"]
[WhiteElo "1326"]
[BlackElo "1604"]
[PlyCount "102"]
[EventDate "2015.12.19"]
[EventType "swiss"]
[EventRounds "5"]
[EventCountry "FRA"]
[SourceTitle "EXT 2019"]
[Source "ChessBase"]
[SourceDate "2018.10.10"]
[SourceVersion "1"]
[SourceVersionDate "2018.10.10"]
[SourceQuality "1"]

1. c4 c6 2. Nf3 d5 3. cxd5 cxd5 4. d4 Nc6 5. Nc3 Nf6 6. Bg5 Ne4 7. Nxe4 dxe4 8. d5 exf3 9. dxc6 Qxd1+ 10. Rxd1 fxe2 11. Bxe2 bxc6 12. Bf3 Bb7 13. 0-0 h6 14. Bh4 g5 15. Bg3 Bg7 16. b3 Bf6 17. Rd2 e6 18. Rd6 0-0 19. Bxc6 Bxc6 20. Rxc6 Rac8 21. Rfc1 Rxc6 22. Rxc6 Rd8 23. Rd6 Rc8 24. Kf1 h5 25. f3 Rc1+ 26. Ke2 Rc2+ 27. Rd2 Rc6 28. Bf2 a6 29. Bd4 Bxd4 30. Rxd4 Kg7 31. Ke3 Kg6 32. b4 e5 33. Rd3 Rc2 34. Rd2 Rc6 35. Rd3 f6 36. a4 Rc4 37. Rb3 Kf5 38. h3 Ke6 39. a5 Rc2 40. g4 hxg4 41. hxg4 Ra2 42. Rc3 Kd5 43. Rc5+ Kd6 44. Ke4 Ra3 45. Rd5+ Kc6 46. Rc5+ Kb7 47. Rd5 Rb3 48. Rd7+ Kc6 49. Rf7 Rxb4+ 50. Kf5 Rf4+ 51. Ke6 Rxf3 0-1

[Event "Basses Vallees Angevines op 4th"]
[Site "Cantenay Epinard"]
[Date "2015.12.19"]
[Round "1"]
[White "Salles, Louis"]
[Black "Delafenetre, Alexandre"]
[Result "1-0"]
[WhiteElo "2166"]
[BlackElo "1604"]
[PlyCount "31"]
[EventDate "2015.12.19"]
[EventType "swiss"]
[EventRounds "5"]
[EventCountry "FRA"]
[SourceTitle "EXT 2019"]
[Source "ChessBase"]
[SourceDate "2018.10.10"]
[SourceVersion "1"]
[SourceVersionDate "2018.10.10"]
[SourceQuality "1"]

1. e4 c6 2. d4 d5 3. Nd2 dxe4 4. Nxe4 Nd7 5. Ng5 Ngf6 6. Bd3 e6 7. N1f3 h6 8. Nxe6 fxe6 9. Bg6+ Ke7 10. 0-0 c5 11. Re1 Nb6 12. b3 Nbd5 13. c4 Nb4 14. Bf4 Nc6 15. d5 Nd4 16. d6+ 1-0